Alcanzado el objetivo de la distribución de los beneficios del convenio sobre la diversidad biológica (Registro nro. 13082)

Detalles MARC
000 -CABECERA
Campo de control 007060000a22001930004500
090 ## - CLASIFICACIÓN LOCAL
Colección AR
Consecutivo 04049
041 0# - IDIOMA
Código de idioma para texto/pista de sonido o título separado
110 1# - ASIENTO PRINCIPAL--NOMBRE CORPORATIVO
Nombre corporativo o de jurisdicción como elemento de entrada Union Mundial para la Naturaleza
-- UICN
245 10 - MENCION DE TITULO
Título Alcanzado el objetivo de la distribución de los beneficios del convenio sobre la diversidad biológica
260 ## - PUBLICACION, DISTRIBUCION, ETC. (PIE DE IMPRENTA)
Lugar de publicación, distribución, etc. Bonn
Nombre del editor, distribuidor, etc. UICN
Fecha de publicación, distribución, etc. 2001
300 ## - DESCRIPCION FISICA
Extensión 8 p.
500 ## - NOTA GENERAL
Nota general <Colección Recursos Genéticos>
650 14 - ASIENTO SECUNDARIO DE MATERIA - TERMINO TEMATICO
Término temático o nombre geográfico como elemento de entrada Equidad
650 14 - ASIENTO SECUNDARIO DE MATERIA - TERMINO TEMATICO
Término temático o nombre geográfico como elemento de entrada Economía ambiental
650 14 - ASIENTO SECUNDARIO DE MATERIA - TERMINO TEMATICO
Término temático o nombre geográfico como elemento de entrada Recursos genéticos
650 14 - ASIENTO SECUNDARIO DE MATERIA - TERMINO TEMATICO
Término temático o nombre geográfico como elemento de entrada Conocimiento tradicional
773 1# - Item fuente:
Título Grupo de trabajo sobre acceso y distribución de los beneficios (Bonn, Alemania, 22 al 26 de octubre de 2001)
942 ## - ELEMENTOS ADICIONALES (KOHA)
Tipo de ítem Artículo
Existencias
Withdrawn status Lost status Damaged status No para préstamo Colección Ubicación Permanente Ubicación actual Fecha de adquisición Fuente de Valor Datos de publicación Seriada Total Checkouts Número topográfico Inventario / Código de Barras Date last seen Ejemplar Price effective from Forma de adquisición Tipo de material
      No para Préstamo Hemeroteca Bogotá Bogotá 27/02/2015 Rincón, Martha Fuera de circulación   AR 04049 017636 25/03/2015 1 25/03/2015   Artículo